<?xml version="1.0" encoding="UTF-8"?><?xml-stylesheet type="text/xsl" href="static/style.xsl"?><OAI-PMH xmlns="http://www.openarchives.org/OAI/2.0/" xmlns:xsi="http://www.w3.org/2001/XMLSchema-instance" xsi:schemaLocation="http://www.openarchives.org/OAI/2.0/ http://www.openarchives.org/OAI/2.0/OAI-PMH.xsd"><responseDate>2026-04-17T07:32:45Z</responseDate><request verb="GetRecord" identifier="oai:www.recercat.cat:10230/71199" metadataPrefix="marc">https://recercat.cat/oai/request</request><GetRecord><record><header><identifier>oai:recercat.cat:10230/71199</identifier><datestamp>2025-09-17T14:31:54Z</datestamp><setSpec>com_2072_6</setSpec><setSpec>col_2072_452952</setSpec></header><metadata><record xmlns="http://www.loc.gov/MARC21/slim" xmlns:dcterms="http://purl.org/dc/terms/" xmlns:xsi="http://www.w3.org/2001/XMLSchema-instance" xmlns:doc="http://www.lyncode.com/xoai" xsi:schemaLocation="http://www.loc.gov/MARC21/slim http://www.loc.gov/standards/marcxml/schema/MARC21slim.xsd">
   <leader>00925njm 22002777a 4500</leader>
   <datafield ind2=" " ind1=" " tag="042">
      <subfield code="a">dc</subfield>
   </datafield>
   <datafield ind2=" " ind1=" " tag="720">
      <subfield code="a">Charron, Nicholas E.</subfield>
      <subfield code="e">author</subfield>
   </datafield>
   <datafield ind2=" " ind1=" " tag="720">
      <subfield code="a">Pérez Culubret, Adrià</subfield>
      <subfield code="e">author</subfield>
   </datafield>
   <datafield ind2=" " ind1=" " tag="720">
      <subfield code="a">Majewski, Maciej</subfield>
      <subfield code="e">author</subfield>
   </datafield>
   <datafield ind2=" " ind1=" " tag="720">
      <subfield code="a">De Fabritiis, Gianni</subfield>
      <subfield code="e">author</subfield>
   </datafield>
   <datafield ind2=" " ind1=" " tag="720">
      <subfield code="a">Clementi, Cecilia</subfield>
      <subfield code="e">author</subfield>
   </datafield>
   <datafield ind2=" " ind1=" " tag="260">
      <subfield code="c">2025-09-16T05:49:11Z</subfield>
   </datafield>
   <datafield ind2=" " ind1=" " tag="260">
      <subfield code="c">2025-09-16T05:49:11Z</subfield>
   </datafield>
   <datafield ind2=" " ind1=" " tag="260">
      <subfield code="c">2025</subfield>
   </datafield>
   <datafield ind2=" " ind1=" " tag="520">
      <subfield code="a">The most popular and universally predictive protein simulation models employ all-atom molecular dynamics, but they come at extreme computational cost. The development of a universal, computationally efficient coarse-grained (CG) model with similar prediction performance has been a long-standing challenge. By combining recent deep-learning methods with a large and diverse training set of all-atom protein simulations, we here develop a bottom-up CG force field with chemical transferability, which can be used for extrapolative molecular dynamics on new sequences not used during model parameterization. We demonstrate that the model successfully predicts metastable states of folded, unfolded and intermediate structures, the fluctuations of intrinsically disordered proteins and relative folding free energies of protein mutants, while being several orders of magnitude faster than an all-atom model. This showcases the feasibility of a universal and computationally efficient machine-learned CG model for proteins.</subfield>
   </datafield>
   <datafield ind2=" " ind1=" " tag="520">
      <subfield code="a">We thank all members of the Clementi and Noé groups for their help in different phases of this work. We gratefully acknowledge funding from the European Commission (grant no. ERC CoG 772230 ‘ScaleCell’), the International Max Planck Research School for Biology and Computation (IMPRS–BAC), the Bundesministerium für Bildung und Forschung BMBF (Berlin Institute for Learning and Data, BIFOLD, and project FAIME 01IS24076), the Berlin Mathematics Center MATH+ (AA1-6, EF1-2) and the Deutsche Forschungsgemeinschaft DFG (NO 825/2, NO 825/3, NO 825/4; SFB/TRR 186, Project A12; SFB 1114, Projects B03, B08 and A04; SFB 1078, Project C7; and RTG 2433, Projects Q05 and Q04), the National Science Foundation (CHE-1900374 and PHY-2019745) and the Einstein Foundation Berlin (Project 0420815101). We gratefully acknowledge the computing time provided on the supercomputer Lise at NHR@ZIB as part of the NHR infrastructure, and on the supercomputer JUWELS operated by the Jülich Supercomputing Centre. We thank volunteers at GPUGRID.net for contributing computational resources and Acellera for funding.</subfield>
   </datafield>
   <datafield ind1="8" ind2=" " tag="024">
      <subfield code="a">http://hdl.handle.net/10230/71199</subfield>
   </datafield>
   <datafield tag="653" ind2=" " ind1=" ">
      <subfield code="a">Computational biophysics</subfield>
   </datafield>
   <datafield tag="653" ind2=" " ind1=" ">
      <subfield code="a">Computational chemistry</subfield>
   </datafield>
   <datafield ind2="0" ind1="0" tag="245">
      <subfield code="a">Navigating protein landscapes with a machine-learned transferable coarse-grained model</subfield>
   </datafield>
</record></metadata></record></GetRecord></OAI-PMH>